Εισαγωγή στη νεοελληνική διαλεκτολογία κατά παράδοση

Saved in:
Bibliographic Details
Main Author: Καμπάκη-Βουγιουκλή, Πηνελόπη
Format: Book
Language:Greek
Published: Ξάνθη : Σπανίδης, 2009
Subjects:
Tags: Add Tag
No Tags, Be the first to tag this record!

MARC

LEADER 00000nam a2200000 i 4500
001 1/39841
008 140109s2009 gre d
020 |a 978-960-6653-33-9 
035 |l 10116277 
040 |a GR-MY-UA  |b gre  |e aacr 
041 0 |a gre 
082 0 |a 489.3  |2 (22) 
100 1 |a Καμπάκη-Βουγιουκλή, Πηνελόπη. 
245 1 0 |a Εισαγωγή στη νεοελληνική διαλεκτολογία κατά παράδοση /  |c Πηνελόπη Καμπάκη-Βουγιουκλή 
260 |a Ξάνθη :   |b Σπανίδης,   |c 2009 
300 |a 225 σ.;  |c 23 εκ. 
504 |a Βιβλιογραφία: σ. 223-225 
650 0 0 |a Greek language, Modern  |x Dialects. 
650 0 0 |a Greek language, Modern  |x Idioms. 
852 |a INST  |b RHODES  |c EUDOXUS  |e 20140109  |h 489.3 ΚΑΜ  |p 005400035986  |q 005400035986  |t EDX  |y 4  |x 20200224 
901 |a BIBL4-2013-3 
909 |a Ρ  |b 182494 
920 |a ΕΥΔΟΞΟΣ  |b ΠΑΡΑΓΓΕΛΙΑ  |y ΡΟΔΟΣ-ΤΜΣ  |z 2013-12 
922 |a 4ΕΛΗ 
970 |z 2014/0109